Bioética

Bewaard in:
Bibliografische gegevens
Hoofdauteur: Calva Rodríguez, Roberto
Formaat: Boek
Taal:Spaans
Gepubliceerd in: Ciudad de México, México McGraw-Hill Interamericana 2006
Onderwerpen:
Tags: Voeg label toe
Geen labels, Wees de eerste die dit record labelt!

MARC

LEADER 00000nam a2200000 a 4500
001 UCI4659
003 CL-VaPUC
005 20231114120102.0
008 080125e20060000MX |||||||||||||||||spa|d
999 |c 328554  |d 328552 
020 |a 9701055152 
040 |c Pontificia Universidad Católica de Valparaíso 
082 0 4 |a 174.9 CAL 2006  |2 21 
100 0 |a Calva Rodríguez, Roberto  |9 526655 
245 1 0 |a Bioética 
260 0 3 |a Ciudad de México, México  |b McGraw-Hill Interamericana  |c 2006 
300 |a 229 páginas 
583 |a last modification  |c 20080125 00:00:00  |k Rodrigo Vera 
650 0 |a Vida humana  |9 334108 
650 0 |a Bioética  |9 256117 
650 0 |a Ética médica  |9 312024 
650 0 |a Teología moral   |9 256617 
650 0 |a Ética  |9 255099 
942 |c BK  |2 ddc 
945 |d 20080125 00:00:00  |a jtorresc 
952 |0 0  |1 0  |2 ddc  |4 0  |6 174_900000000000000_CAL_2006  |7 0  |8 A  |9 412512  |a BIBCUR  |b BIBCUR  |d 2019-11-22  |i 4405552  |o 174.9 CAL 2006  |p 4405552  |r 2025-04-22  |t 1  |w 2019-11-22  |y BK  |k BIO